000 00718nam a2200181 i 4500
001 167749
003 ES-MaACL
005 20250716043047.0
008 050928s1862 fr | |||||||| ||fre d
040 _aCAM
_bspa
_cCAM
100 1 _aVoituron, Paul,
_d1824-1891
_9133824
245 1 0 _aEtudes philosophiques et littéraires sur les "Misérables" de Victor Hugo /
_cpar Paul Voituron.
260 _aParis :
_bPagnerre, libraire-éditeur ;
_aGand :
_bH. Hoste, libraire-éditeur,
_c1862 (
_eGand :
_fImp. de C. Annoot-Braeckman)
300 _aXII, 191 p. ;
_c17 cm.
600 1 7 _aHugo, Victor,
_d1802-1885.
_tLes misérables
_2
_9145941
852 _aES-MaACL
_jD-2448
_z-- Enc. hol.
999 _c167749
_d167749